Načítá se...
Semiconductor surfaces
| Hlavní autor: | |
|---|---|
| Další autoři: | |
| Médium: | Printed Book |
| Jazyk: | English |
| Vydáno: |
Amsterdam
North-Holland Publishing Company
1971
|
| Témata: |
Light
> Photometry
> Optics
> Colour
> Optical storage devices
> Spectrum analysis
> Phosphoresence
> Spectroscopy
> Physics
> Optical physics
> Light
> Photometry
> Optics
> Colour
> Optical storage devices
> Spectrum analysis
> Phosphoresence
> Spectroscopy
> Physics
|
| LEADER | 00909nam a2200253 a 4500 | ||
|---|---|---|---|
| 001 | adlib96000001 | ||
| 003 | ViArRB | ||
| 005 | 20151026130616.0 | ||
| 008 | 960221s1955 dcuabcdjdbkoqu001 0deng d | ||
| 020 | |||
| 022 | |||
| 040 | |a Adlib | ||
| 082 | |a 539.211 | ||
| 245 | |a Semiconductor surfaces | ||
| 250 | |||
| 260 | |a Amsterdam |b North-Holland Publishing Company |c 1971 | ||
| 300 | |a xvi, 496p. | ||
| 500 | |a bib. p.459-470 | ||
| 100 | |a Many, A | ||
| 700 | |a Goldstein, Y |a Grover, N B | ||
| 942 | |c BK |6 _ | ||
| 653 | |a Light |a Photometry |a Optics |a Colour |a Optical storage devices |a Spectrum analysis |a Phosphoresence |a Spectroscopy |a Physics |a Optical physics |a Light |a Photometry |a Optics |a Colour |a Optical storage devices |a Spectrum analysis |a Phosphoresence |a Spectroscopy |a Physics | ||
| 999 | |c 8831 |d 8831 | ||
| 952 | |0 0 |1 0 |4 0 |6 539211_MAN |7 0 |9 20246 |a UL |b UL |d 2010-06-16 |o 539.211 MAN |p 00015070 |r 2010-06-16 |w 2010-06-16 |y BK | ||